[Event "Hainaut-ch"]
[Site "Manage"]
[Date "2008.08.23"]
[Round "8.20"]
[White "Chevry, Philippe"]
[Black "Dejasse, Daniel"]
[Result "1-0"]
[WhiteElo "1723"]
[BlackElo "1484"]
[PlyCount "39"]
[EventDate "2008.08.23"]
[EventType "swiss"]
[EventRounds "9"]
[EventCountry "BEL"]
[SourceTitle "EXT 2024"]
[Source "ChessBase"]
[SourceDate "2023.10.10"]
[SourceVersion "1"]
[SourceVersionDate "2023.10.10"]
[SourceQuality "1"]

1. d4 d5 2. c4 e5 3. dxe5 d4 4. Nf3 Nc6 5. a3 Be6 6. Nbd2 Qd7 7. g3 Nge7 8. Bg2 Ng6 9. Qa4 0-0-0 10. b4 Kb8 11. b5 Ncxe5 12. Bb2 Nxf3+ 13. Nxf3 Bh3 14. Bxd4 b6 15. 0-0 Bxg2 16. Kxg2 Qg4 17. e3 f6 18. Rfd1 Qe4 19. Bxb6 Rxd1 20. Qxa7+ 1-0

[Event "Hainaut-ch"]
[Site "Manage"]
[Date "2008.08.23"]
[Round "4.13"]
[White "Chevry, Philippe"]
[Black "Mastalerz, Xavier"]
[Result "0-1"]
[WhiteElo "1723"]
[BlackElo "1950"]
[PlyCount "64"]
[EventDate "2008.08.23"]
[EventType "swiss"]
[EventRounds "9"]
[EventCountry "BEL"]
[SourceTitle "EXT 2024"]
[Source "ChessBase"]
[SourceDate "2023.10.10"]
[SourceVersion "1"]
[SourceVersionDate "2023.10.10"]
[SourceQuality "1"]

1. d4 e6 2. c4 Nf6 3. Nc3 Bb4 4. a3 Bxc3+ 5. bxc3 c5 6. f3 d5 7. Bg5 dxc4 8. Qa4+ Nc6 9. Rd1 cxd4 10. cxd4 Qa5+ 11. Qxa5 Nxa5 12. e4 b5 13. d5 0-0 14. Ne2 Bd7 15. Nf4 exd5 16. Bxf6 gxf6 17. Nxd5 Kg7 18. h4 Rfd8 19. h5 h6 20. Rh4 Be6 21. Rf4 Bxd5 22. exd5 Rd6 23. Be2 Rad8 24. Rf5 Nb3 25. f4 c3 26. Bd3 Nd4 27. g4 Nxf5 28. Bxf5 Rxd5 29. Rc1 Re8+ 30. Kf2 Rd2+ 31. Kf3 c2 32. Be4 Rc8 0-1

[Event "BEL FEFB-ch Elite"]
[Site "Manage"]
[Date "2008.05.03"]
[Round "3"]
[White "Chevry, Philippe"]
[Black "Pacolet, Fabrice"]
[Result "1/2-1/2"]
[WhiteElo "1902"]
[BlackElo "1843"]
[PlyCount "147"]
[EventDate "2008.05.01"]
[EventType "swiss"]
[EventRounds "7"]
[EventCountry "BEL"]
[SourceTitle "EXT 2019"]
[Source "ChessBase"]
[SourceDate "2018.10.10"]
[SourceVersion "1"]
[SourceVersionDate "2018.10.10"]
[SourceQuality "1"]

1. d4 d5 2. c4 c6 3. Nf3 Nf6 4. Nc3 dxc4 5. g3 Bf5 6. Ne5 Nbd7 7. Nxc4 e6 8. Bg2 Be7 9. 0-0 0-0 10. Qb3 Nb6 11. Rd1 Nxc4 12. Qxc4 Qb6 13. e4 Bg6 14. a3 a5 15. h3 Rfd8 16. Be3 Qa6 17. Qb3 a4 18. Qa2 Rd7 19. g4 h5 20. g5 Nh7 21. f4 Rad8 22. Bf1 Qa5 23. Qc4 Nf8 24. Bd3 Ra8 25. Rf1 Qc7 26. h4 f6 27. Rac1 fxg5 28. d5 gxf4 29. Bxf4 Qb6+ 30. Kg2 cxd5 31. Qb5 Qxb5 32. Bxb5 Rdd8 33. exd5 exd5 34. Bc7 Rdc8 35. Nxa4 Bxh4 36. Nb6 Bf6 37. Nxa8 Rxa8 38. Rf2 Ne6 39. Bb6 Ng5 40. Rc7 Be4+ 41. Kf1 d4 42. Rxf6 gxf6 43. Bxd4 Bd5 44. Rd7 Bc6 45. Bxc6 bxc6 46. Rd6 c5 47. Rxf6 cxd4 48. Rg6+ Kf7 49. Rxg5 Rb8 50. Rg2 Ke6 51. Ke1 Kd5 52. Kd1 Kc4 53. Kc1 h4 54. Rh2 Rh8 55. Rh3 Rh7 56. b3+ Kd5 57. Kd2 Rh8 58. a4 Rh7 59. Kd3 Rh8 60. Kc2 Rh7 61. Kb2 Rh8 62. a5 Rh6 63. a6 Rxa6 64. Rxh4 Rc6 65. Rh8 Ke4 66. Re8+ Kd3 67. b4 Kc4 68. Rd8 Rb6 69. Ka3 Ra6+ 70. Kb2 Ra4 71. Kc2 Rxb4 72. Rc8+ Kd5 73. Rd8+ Kc6 74. Kd3 1/2-1/2

[Event "BEL FEFB-ch Elite"]
[Site "Manage"]
[Date "2008.05.01"]
[Round "1"]
[White "Chevry, Philippe"]
[Black "Vingerhoets, Luc"]
[Result "1/2-1/2"]
[WhiteElo "1902"]
[BlackElo "2077"]
[PlyCount "120"]
[EventDate "2008.05.01"]
[EventType "swiss"]
[EventRounds "7"]
[EventCountry "BEL"]
[SourceTitle "EXT 2019"]
[Source "ChessBase"]
[SourceDate "2018.10.10"]
[SourceVersion "1"]
[SourceVersionDate "2018.10.10"]
[SourceQuality "1"]

1. d4 d6 2. c4 e5 3. d5 g6 4. e4 Bg7 5. Ne2 Nd7 6. Nbc3 Nc5 7. Ng3 a5 8. Be3 Ne7 9. Be2 f5 10. f4 0-0 11. 0-0 Nxe4 12. Ngxe4 fxe4 13. fxe5 Rxf1+ 14. Qxf1 Nf5 15. e6 Bxe6 16. dxe6 Bxc3 17. bxc3 Nxe3 18. Qf4 Nf5 19. g4 Ne7 20. Rf1 Nc6 21. Qxe4 Qg5 22. Qd5 Qe3+ 23. Rf2 Ne7 24. Qxb7 Rf8 25. Bf3 Qxe6 26. Qxc7 Rc8 27. Qxa5 Qxc4 28. Qg5 Qc7 29. Qf6 Qd7 30. g5 Re8 31. Re2 d5 32. Qe6+ Qxe6 33. Rxe6 Kf7 34. Rd6 Ra8 35. Rd7 Ke6 36. Bg4+ Kf7 37. Bf3 Ke6 38. Rxe7+ Kxe7 39. Bxd5 Ra5 40. c4 Rxa2 41. Bg8 Rc2 42. h3 Kf8 43. Bd5 Kg7 44. Kf1 h6 45. gxh6+ Kxh6 46. Ke1 Kg5 47. Kd1 Rh2 48. Be6 Kf6 49. Bd7 Ke7 50. Bc8 Kd6 51. Bg4 Kc5 52. Be6 g5 53. Ke1 Kd4 54. Kf1 Ke5 55. Kg1 Rc2 56. Bf7 Kf4 57. Kf1 Ke3 58. Be6 Kd4 59. Kg1 Ke3 60. Bd5 Kd4 1/2-1/2

[Event "Charleroi op 5th"]
[Site "Charleroi"]
[Date "2006.08.01"]
[Round "5"]
[White "Chevry, Philippe"]
[Black "Hanley, James L"]
[Result "0-1"]
[WhiteElo "1932"]
[BlackElo "2155"]
[PlyCount "78"]
[EventDate "2006.07.29"]
[EventType "swiss"]
[EventRounds "9"]
[EventCountry "BEL"]
[SourceTitle "CBM 113 Extra"]
[Source "ChessBase"]
[SourceDate "2006.09.14"]
[SourceVersion "1"]
[SourceVersionDate "2006.09.14"]
[SourceQuality "1"]

1. d4 Nf6 2. c4 g6 3. Nc3 Bg7 4. e4 d6 5. h3 0-0 6. Bg5 c6 7. Qd2 e5 8. d5 c5 9. Bd3 Bd7 10. Nge2 Qa5 11. Bh6 Rc8 12. Bxg7 Kxg7 13. f4 b5 14. fxe5 dxe5 15. Qg5 bxc4 16. 0-0 Qb6 17. Bxc4 Qd6 18. Ng3 h6 19. Rxf6 hxg5 20. Rxd6 f6 21. Bb5 Bxb5 22. Nxb5 a6 23. Na3 Ra7 24. Nc4 Rf8 25. Rc1 a5 26. Nb6 Rc7 27. a3 f5 28. b4 axb4 29. axb4 f4 30. Nf1 f3 31. g3 Rh8 32. Rxc5 Ra7 33. Rc8 Rxc8 34. Nxc8 Rc7 35. Nb6 Rc2 36. Re6 Na6 37. Rxe5 Nxb4 38. d6 Rg2+ 39. Kh1 Nd3 0-1

[Event "Charleroi op 4th"]
[Site "Charleroi"]
[Date "2005.07.31"]
[Round "2"]
[White "Dal Borgo, Albin"]
[Black "Chevry, Philippe"]
[Result "1/2-1/2"]
[WhiteElo "2173"]
[BlackElo "1892"]
[PlyCount "59"]
[EventDate "2005.07.30"]
[EventType "swiss"]
[EventRounds "9"]
[EventCountry "BEL"]
[SourceTitle "EXT 2006"]
[Source "ChessBase"]
[SourceDate "2005.11.24"]
[SourceVersion "1"]
[SourceVersionDate "2005.11.24"]
[SourceQuality "1"]

1. d4 Nf6 2. Bg5 b6 3. Nf3 g6 4. Nbd2 d5 5. e3 Bg7 6. Be2 0-0 7. 0-0 Nbd7 8. c3 Bb7 9. a4 a6 10. b4 Ne4 11. Nxe4 dxe4 12. Nd2 c5 13. a5 Nf6 14. Bxf6 Bxf6 15. Nc4 cxd4 16. cxd4 b5 17. Nb6 Ra7 18. Rc1 Qd6 19. Rc5 e6 20. Qb3 Bd8 21. Nc8 Bxc8 22. Rxc8 Be7 23. Rxf8+ Kxf8 24. Rb1 Rc7 25. f3 exf3 26. Bxf3 Rc4 27. Be2 Rxb4 28. Qxb4 Qxb4 29. Rxb4 Bxb4 30. Bxb5 1/2-1/2

[Event "Rohde op 03rd"]
[Site "Sautron"]
[Date "2003.??.??"]
[Round "7"]
[White "Chevry, Philippe"]
[Black "Serafimov, Dimitar"]
[Result "0-1"]
[WhiteElo "1930"]
[BlackElo "2389"]
[PlyCount "62"]
[EventDate "2003.10.25"]
[EventType "swiss"]
[EventRounds "9"]
[EventCountry "FRA"]
[SourceTitle "EXT 2005"]
[Source "ChessBase"]
[SourceDate "2004.11.15"]
[SourceVersion "1"]
[SourceVersionDate "2004.11.15"]
[SourceQuality "1"]

1. d4 d5 2. c4 e6 3. Nc3 Nf6 4. Bg5 Be7 5. Nf3 0-0 6. e3 Nbd7 7. Qc2 Re8 8. 0-0-0 b6 9. Kb1 Bb7 10. Bd3 c5 11. h4 a6 12. Ne5 dxc4 13. Bxc4 b5 14. dxc5 Qc7 15. c6 Nxe5 16. cxb7 Qxb7 17. Bd3 Nxd3 18. Qxd3 Red8 19. Qe2 Rxd1+ 20. Rxd1 Qxg2 21. e4 b4 22. e5 bxc3 23. exf6 gxf6 24. Be3 Qe4+ 25. Ka1 cxb2+ 26. Qxb2 h5 27. Bd4 Rd8 28. Qd2 Kh7 29. Qc3 e5 30. Qc7 Rxd4 31. Rg1 Rb4 0-1

[Event "Montigny le Bretonneux Noel op 04th"]
[Site "Montigny le Bretonneux"]
[Date "2001.12.31"]
[Round "7.4"]
[White "Aurel, Luc"]
[Black "Chevry, Philippe"]
[Result "1-0"]
[WhiteElo "2199"]
[BlackElo "1766"]
[PlyCount "67"]
[EventDate "2001.12.26"]
[EventType "swiss"]
[EventRounds "7"]
[EventCountry "FRA"]
[SourceTitle "EXT 2003"]
[Source "ChessBase"]
[SourceDate "2002.11.25"]
[SourceVersion "1"]
[SourceVersionDate "2002.11.25"]
[SourceQuality "1"]

1. e4 c5 2. Nf3 d6 3. Bb5+ Nc6 4. 0-0 Qc7 5. Re1 a6 6. Bxc6+ Qxc6 7. d4 cxd4 8. Nxd4 Qc7 9. Nc3 e6 10. f4 Nf6 11. e5 Nd7 12. f5 Nxe5 13. fxe6 fxe6 14. Nf3 Nxf3+ 15. Qxf3 Bd7 16. Qf2 Be7 17. Nd5 Qd8 18. Qf3 Qa5 19. c3 Bc6 20. Qh5+ Kd8 21. Nf4 Qxh5 22. Nxh5 g6 23. Nf4 e5 24. Nd3 Rf8 25. Be3 Kd7 26. Red1 Ke6 27. c4 Rf5 28. b4 Bf6 29. a3 Ba4 30. Rd2 e4 31. Nf4+ Ke7 32. Nd5+ Rxd5 33. Rxd5 Bb3 34. Bf4 1-0

[Event "Montigny le Bretonneux Noel op 04th"]
[Site "Montigny le Bretonneux"]
[Date "2001.12.29"]
[Round "5.3"]
[White "Lombart, Philippe"]
[Black "Chevry, Philippe"]
[Result "1-0"]
[WhiteElo "2130"]
[BlackElo "1766"]
[PlyCount "45"]
[EventDate "2001.12.26"]
[EventType "swiss"]
[EventRounds "7"]
[EventCountry "FRA"]
[SourceTitle "EXT 2003"]
[Source "ChessBase"]
[SourceDate "2002.11.25"]
[SourceVersion "1"]
[SourceVersionDate "2002.11.25"]
[SourceQuality "1"]

1. d4 Nf6 2. c4 e6 3. Nc3 Bb4 4. Nf3 Ne4 5. Qc2 f5 6. g3 Nc6 7. Bg2 0-0 8. 0-0 Nxc3 9. bxc3 Be7 10. h4 Qe8 11. e4 d6 12. Ng5 Na5 13. exf5 Bxg5 14. Bxg5 exf5 15. Rfe1 Qg6 16. Bd5+ Kh8 17. Re7 h6 18. Bf4 c6 19. Bf3 Nxc4 20. Rae1 Rd8 21. Qe2 d5 22. Bh5 Qf6 23. Rf7 1-0